000 00200nam a2200109Ia 4500
100 _a#N/A
942 _cBK
654 _amoserbaer pro
245 _aFelder Part 2
260 _b#N/A
546 _aENGLISH
999 _c24852
_d24852